[Event "THA-ch"]
[White "Buranasing, Wanawee"]
[Black "Viriya, A Nak"]
[Site "Bangkok"]
[Round "4"]
[Result "1-0"]
[Date "2024.04.18"]
[WhiteElo "1764"]
[BlackElo "1554"]
[PlyCount "47"]
[EventDate "2024.04.17"]
[EventType "swiss"]
[EventRounds "9"]
[EventCountry "THA"]
[SourceTitle "CBM 220 Extra"]
[Source "ChessBase"]
[SourceDate "2024.07.31"]
[SourceVersion "1"]
[SourceVersionDate "2024.07.31"]
[SourceQuality "1"]

1. e4 e6 2. d4 d5 3. Nd2 dxe4 4. Nxe4 Nd7 5. Nf3 Ngf6 6. Nxf6+ Nxf6 7. Bd3 Be7 8. c3 0-0 9. Qe2 h6 10. h4 b6 11. g4 Nxg4 12. Qe4 Nf6 13. Qxa8 c5 14. Qxa7 cxd4 15. Nxd4 Bc5 16. Qa4 Ng4 17. Be3 Nxe3 18. fxe3 Bb7 19. 0-0-0 Bxh1 20. Rxh1 e5 21. Qc6 exd4 22. cxd4 Be7 23. Rg1 Bxh4 24. Qxh6 1-0

[Event "Nakhon Nayok op 2nd"]
[White "Frost, Peter"]
[Black "Buranasing, Wanawee"]
[Site "Nakhon Nayok"]
[Round "3"]
[Result "1/2-1/2"]
[Date "2024.04.06"]
[WhiteElo "1785"]
[BlackElo "1764"]
[PlyCount "135"]
[EventDate "2024.04.05"]
[EventType "swiss"]
[EventRounds "9"]
[EventCountry "THA"]
[SourceTitle "EXT 2025"]
[Source "ChessBase"]
[SourceDate "2024.10.14"]
[SourceVersion "1"]
[SourceVersionDate "2024.10.14"]
[SourceQuality "1"]

1. c4 Nf6 2. Nc3 d5 3. cxd5 Nxd5 4. Nf3 g6 5. e4 Nxc3 6. dxc3 Qxd1+ 7. Kxd1 Bg7 8. Bf4 c5 9. Kc2 Nc6 10. Bc4 0-0 11. h3 Na5 12. Be2 b6 13. Rhd1 Bb7 14. Nd2 Rfd8 15. f3 Rac8 16. Bf1 a6 17. a4 e5 18. Bg5 f6 19. Be3 Rd6 20. Nc4 Rxd1 21. Rxd1 Nxc4 22. Bxc4+ Kh8 23. b3 f5 24. Bd5 Bxd5 25. Rxd5 Kg8 26. a5 b5 27. Bxc5 Rc6 28. Kd3 Kf7 29. b4 Ke6 30. Rd8 Bf6 31. Rd5 f4 32. c4 Bh4 33. cxb5 axb5 34. Ke2 h5 35. Rd1 Ra6 36. Rd3 Rc6 37. Kd1 Bf6 38. Ra3 Ra6 39. Kc2 Bd8 40. Kb3 Bc7 41. Ra1 g5 42. Ra2 Kf6 43. Rd2 Ke6 44. Rd5 g4 45. hxg4 hxg4 46. fxg4 Kf6 47. Bf2 Bxa5 48. Bh4+ Ke6 49. bxa5 Rxa5 50. Kc3 Ra3+ 51. Kb4 Ra4+ 52. Kxb5 Rxe4 53. Rd2 Re3 54. Kc4 Ra3 55. Bd8 Rg3 56. g5 Kf5 57. Kd5 e4 58. Kd4 Ra3 59. Bf6 Ra4+ 60. Kd5 Ra3 61. Kc4 Rg3 62. Be7 e3 63. Rd5+ Ke4 64. Bd6 Rxg2 65. Rd4+ Kf5 66. Rxf4+ Kxg5 67. Re4 Rg4 68. Rxg4+ 1/2-1/2

[Event "Nakhon Nayok op 2nd"]
[White "Buranasing, Wanawee"]
[Black "Badmatsyrenov, Oleg"]
[Site "Nakhon Nayok"]
[Round "2"]
[Result "0-1"]
[Date "2024.04.05"]
[WhiteElo "1764"]
[BlackElo "2410"]
[PlyCount "74"]
[EventDate "2024.04.05"]
[EventType "swiss"]
[EventRounds "9"]
[EventCountry "THA"]
[SourceTitle "EXT 2025"]
[Source "ChessBase"]
[SourceDate "2024.10.14"]
[SourceVersion "1"]
[SourceVersionDate "2024.10.14"]
[SourceQuality "1"]

1. d4 g6 2. e4 Bg7 3. Nc3 a6 4. f4 b5 5. Nf3 d6 6. Be3 b4 7. Nd5 a5 8. Bf2 Bb7 9. c3 e6 10. Bh4 g5 11. Bxg5 f6 12. Nxf6+ Bxf6 13. e5 Be7 14. Bc4 d5 15. Bb5+ c6 16. Bd3 h6 17. Bxe7 Nxe7 18. Nh4 Ba6 19. Qh5+ Kd7 20. Bxa6 Nxa6 21. g4 Qe8 22. Qxe8+ Raxe8 23. f5 Reg8 24. h3 h5 25. f6 hxg4 26. hxg4 Rxg4 27. Ke2 Rgxh4 28. Rhg1 Nf5 29. Raf1 Rh2+ 30. Rf2 Rxf2+ 31. Kxf2 Ke8 32. cxb4 Nxb4 33. a3 Nc2 34. b4 Rh2+ 35. Kf3 Ncxd4+ 36. Kg4 Rh4+ 37. Kg5 Nf3+ 0-1

[Event "Nakhon Nayok op 2nd"]
[White "Rahman, Md Taibur"]
[Black "Buranasing, Wanawee"]
[Site "Nakhon Nayok"]
[Round "1"]
[Result "1/2-1/2"]
[Date "2024.04.05"]
[WhiteElo "2166"]
[BlackElo "1764"]
[PlyCount "58"]
[EventDate "2024.04.05"]
[EventType "swiss"]
[EventRounds "9"]
[EventCountry "THA"]
[SourceTitle "EXT 2025"]
[Source "ChessBase"]
[SourceDate "2024.10.14"]
[SourceVersion "1"]
[SourceVersionDate "2024.10.14"]
[SourceQuality "1"]

1. d4 Nf6 2. c4 g6 3. Nc3 d5 4. cxd5 Nxd5 5. e4 Nxc3 6. bxc3 Bg7 7. Qa4+ Nd7 8. Nf3 0-0 9. Be2 c5 10. 0-0 a6 11. Qb3 cxd4 12. cxd4 b5 13. Bb2 Bb7 14. Bd3 Nc5 15. dxc5 Bxb2 16. Qxb2 Qxd3 17. Rfe1 Rac8 18. Qe5 Rfd8 19. h4 Qd7 20. Rad1 Qe6 21. Qxe6 fxe6 22. Ng5 Rxd1 23. Rxd1 h6 24. Nxe6 Bxe4 25. Rd8+ Rxd8 26. Nxd8 Kf8 27. Ne6+ Ke8 28. f3 Kd7 29. Nf8+ Ke8 1/2-1/2

[Event "THA-ch Rapid"]
[White "Buranasing, Wanawee"]
[Black "Khumnorkaew, Tupfah"]
[Site "Bangkok"]
[Round "10"]
[Result "1/2-1/2"]
[Date "2023.12.07"]
[WhiteElo "1528"]
[BlackElo "1897"]
[PlyCount "69"]
[EventDate "2023.12.05"]
[EventType "swiss (rapid)"]
[EventRounds "13"]
[EventCountry "THA"]
[SourceTitle "CBM 217 Extra"]
[Source "ChessBase"]
[SourceDate "2024.01.31"]
[SourceVersion "1"]
[SourceVersionDate "2024.01.31"]
[SourceQuality "1"]

1. d4 Nf6 2. c4 e6 3. g3 Bb4+ 4. Nd2 0-0 5. Bg2 c5 6. a3 Bxd2+ 7. Qxd2 cxd4 8. Nf3 Nc6 9. Nxd4 d5 10. 0-0 e5 11. Nxc6 bxc6 12. b4 Bb7 13. cxd5 cxd5 14. Bb2 Qe7 15. Rac1 d4 16. Bxb7 Qxb7 17. e3 Ne4 18. Qe2 Ng5 19. f3 e4 20. Bxd4 exf3 21. Qc2 Rac8 22. Qf5 f2+ 23. Kxf2 Rxc1 24. Rxc1 Ne4+ 25. Ke2 Qa6+ 26. Kf3 Qd3 27. Qe5 Nd2+ 28. Kg4 Qg6+ 29. Qg5 Qe6+ 30. Qf5 Qa6 31. Qe5 Qg6+ 32. Qg5 Qe6+ 33. Qf5 Qa6 34. Qe5 Qg6+ 35. Qg5 1/2-1/2

[Event "THA-ch Rapid"]
[White "Buranasing, Wanawee"]
[Black "Sajjapornthep, Jarunpol"]
[Site "Bangkok"]
[Round "8"]
[Result "1-0"]
[Date "2023.12.06"]
[WhiteElo "1528"]
[BlackElo "1807"]
[PlyCount "41"]
[EventDate "2023.12.05"]
[EventType "swiss (rapid)"]
[EventRounds "13"]
[EventCountry "THA"]
[SourceTitle "CBM 217 Extra"]
[Source "ChessBase"]
[SourceDate "2024.01.31"]
[SourceVersion "1"]
[SourceVersionDate "2024.01.31"]
[SourceQuality "1"]

1. d4 d5 2. Nf3 Nf6 3. g3 c6 4. Bg2 e6 5. 0-0 Bd6 6. c4 Nbd7 7. Nc3 0-0 8. Nd2 Qe7 9. e4 dxe4 10. Ndxe4 Nxe4 11. Nxe4 Nf6 12. Bg5 Kh8 13. Qf3 e5 14. Nxf6 h6 15. Rfe1 Qe6 16. Qh5 Qf5 17. h4 exd4 18. Be4 Qh3 19. Bxh6 Bg4 20. Bxg7+ Kxg7 21. Qg5+ 1-0

[Event "THA-ch Rapid"]
[White "Kaewwattha, Natrada"]
[Black "Buranasing, Wanawee"]
[Site "Bangkok"]
[Round "7"]
[Result "0-1"]
[Date "2023.12.06"]
[WhiteElo "1384"]
[BlackElo "1528"]
[PlyCount "86"]
[EventDate "2023.12.05"]
[EventType "swiss (rapid)"]
[EventRounds "13"]
[EventCountry "THA"]
[SourceTitle "CBM 217 Extra"]
[Source "ChessBase"]
[SourceDate "2024.01.31"]
[SourceVersion "1"]
[SourceVersionDate "2024.01.31"]
[SourceQuality "1"]

1. e4 c5 2. c3 Nf6 3. e5 Nd5 4. d4 cxd4 5. cxd4 d6 6. Nf3 Nc6 7. Bc4 Nb6 8. Bb5 dxe5 9. Nxe5 Bd7 10. Bxc6 Bxc6 11. Nxc6 bxc6 12. 0-0 g6 13. Be3 Bg7 14. Qd3 0-0 15. Rd1 Nd5 16. Nc3 Rb8 17. Qd2 Qa5 18. Rab1 Rfd8 19. h3 Nxc3 20. bxc3 Rxb1 21. Rxb1 c5 22. Rd1 cxd4 23. cxd4 Rd5 24. Qxa5 Rxa5 25. Rd2 e6 26. g4 h5 27. Kg2 hxg4 28. hxg4 Kf8 29. Kf3 Ke7 30. Ke4 f5+ 31. gxf5 gxf5+ 32. Kd3 Kd6 33. Kc4 a6 34. Bf4+ Kc6 35. Rc2 Rd5 36. Kd3+ Kb5 37. Be3 e5 38. Rc5+ Rxc5 39. dxc5 Bf8 40. f4 e4+ 41. Kc3 Bxc5 42. Bd4 Bxd4+ 43. Kxd4 Kb4 0-1

[Event "THA-ch Rapid"]
[White "Buranasing, Wanawee"]
[Black "Saeheng, Boonsueb"]
[Site "Bangkok"]
[Round "2"]
[Result "0-1"]
[Date "2023.12.05"]
[WhiteElo "1528"]
[BlackElo "2126"]
[PlyCount "78"]
[EventDate "2023.12.05"]
[EventType "swiss (rapid)"]
[EventRounds "13"]
[EventCountry "THA"]
[SourceTitle "CBM 217 Extra"]
[Source "ChessBase"]
[SourceDate "2024.01.31"]
[SourceVersion "1"]
[SourceVersionDate "2024.01.31"]
[SourceQuality "1"]

1. d4 Nf6 2. c4 e6 3. g3 d5 4. Bg2 Be7 5. Nf3 0-0 6. 0-0 dxc4 7. Qc2 a6 8. a4 c5 9. dxc5 Bxc5 10. Qxc4 Qe7 11. Ne5 Bd6 12. Nd3 Nbd7 13. Nc3 Rb8 14. a5 b5 15. axb6 Nxb6 16. Qh4 Bb7 17. Bg5 Bxg2 18. Bxf6 Qxf6 19. Qxf6 gxf6 20. Kxg2 Ra8 21. Rfc1 f5 22. e4 fxe4 23. Nxe4 Be7 24. Rc6 Rfb8 25. Nec5 a5 26. b4 a4 27. Ra3 Nd5 28. Rxa4 Rxa4 29. Nxa4 Nxb4 30. Nxb4 Rxb4 31. Nb6 Rb2 32. Nc4 Ra2 33. Rc7 Kf8 34. Ne5 Re2 35. Nd3 Bf6 36. Kf3 Ra2 37. Nf4 Ra3+ 38. Ke4 Ra4+ 39. Kf3 Be5 0-1

[Event "THA-ch Rapid"]
[White "Rangkaew, Katunchalee"]
[Black "Buranasing, Wanawee"]
[Site "Bangkok"]
[Round "3"]
[Result "0-1"]
[Date "2023.12.05"]
[WhiteElo "1308"]
[BlackElo "1528"]
[PlyCount "50"]
[EventDate "2023.12.05"]
[EventType "swiss (rapid)"]
[EventRounds "13"]
[EventCountry "THA"]
[SourceTitle "CBM 217 Extra"]
[Source "ChessBase"]
[SourceDate "2024.01.31"]
[SourceVersion "1"]
[SourceVersionDate "2024.01.31"]
[SourceQuality "1"]

1. d4 Nf6 2. c4 g6 3. Nc3 Bg7 4. e4 d6 5. Nf3 0-0 6. h3 c5 7. d5 a6 8. Be3 b5 9. cxb5 Nbd7 10. bxa6 Bxa6 11. Bxa6 Rxa6 12. 0-0 Qa8 13. Qd2 Rb8 14. a3 Nb6 15. Qe2 Na4 16. Nxa4 Rxa4 17. e5 Nxd5 18. exd6 Nxe3 19. Qxe3 exd6 20. Rfd1 Ra6 21. Rd2 Rxb2 22. Rxb2 Bxb2 23. Rd1 Rxa3 24. Qe7 Ra1 25. Qxd6 Bd4 0-1

[Event "THA-ch 46th"]
[White "Chunsukon, Viritpol"]
[Black "Buranasing, Wanawee"]
[Site "Bangkok"]
[Round "5"]
[Result "0-1"]
[Date "2023.04.14"]
[WhiteElo "1492"]
[BlackElo "1589"]
[PlyCount "96"]
[EventDate "2023.04.12"]
[EventType "swiss"]
[EventRounds "9"]
[EventCountry "THA"]
[SourceTitle "CBM 213 Extra"]
[Source "ChessBase"]
[SourceDate "2023.05.31"]
[SourceVersion "1"]
[SourceVersionDate "2023.05.31"]
[SourceQuality "1"]

1. e4 c5 2. Nc3 Nc6 3. Nge2 g6 4. g3 Bg7 5. Bg2 e6 6. d3 Nge7 7. Be3 0-0 8. Bxc5 b6 9. Be3 d5 10. exd5 exd5 11. Bf4 Bg4 12. h3 Be6 13. 0-0 Rc8 14. Qd2 Qd7 15. Kh2 d4 16. Ne4 Nf5 17. a3 Nce7 18. Rac1 Nd5 19. Ng5 Nxf4 20. Nxf4 Rc5 21. Ne4 Rc7 22. Rfe1 Rfc8 23. Ng5 Bh6 24. Ngxe6 fxe6 25. Qe2 Ng7 26. Bf3 Qd6 27. Ng2 Bxc1 28. Rxc1 e5 29. Bg4 Nf5 30. Qd2 Qf6 31. f4 h5 32. Bf3 exf4 33. Bd5+ Kh7 34. gxf4 Ne3 35. Bb3 Re7 36. c3 Nxg2 37. Kxg2 Rce8 38. Bd1 Re3 39. cxd4 Qxf4 40. Qf2 Qxf2+ 41. Kxf2 Rxd3 42. Rc7+ Kh6 43. Bc2 Rxd4 44. Rc6 Rg8 45. Ke3 Rh4 46. Bf5 Kg5 47. Be6 Re8 48. Kd3 Rf4 0-1

[Event "THA-ch 46th"]
[White "Buranasing, Wanawee"]
[Black "Wongbenjarat, Supakrit"]
[Site "Bangkok"]
[Round "3"]
[Result "1-0"]
[Date "2023.04.13"]
[WhiteElo "1589"]
[BlackElo "1319"]
[PlyCount "55"]
[EventDate "2023.04.12"]
[EventType "swiss"]
[EventRounds "9"]
[EventCountry "THA"]
[SourceTitle "CBM 213 Extra"]
[Source "ChessBase"]
[SourceDate "2023.05.31"]
[SourceVersion "1"]
[SourceVersionDate "2023.05.31"]
[SourceQuality "1"]

1. d4 d5 2. c4 e6 3. Nf3 Nf6 4. g3 Be7 5. Bg2 0-0 6. 0-0 c6 7. Nc3 dxc4 8. Ne5 Nd5 9. Nxc4 Nd7 10. e4 Nxc3 11. bxc3 b5 12. Ne3 Bb7 13. f4 c5 14. f5 exf5 15. Nxf5 Rc8 16. Qg4 g6 17. Nxe7+ Qxe7 18. Bh6 Rfe8 19. Qf4 cxd4 20. cxd4 Rc6 21. e5 Rb6 22. Bxb7 Rxb7 23. Rac1 Nf8 24. d5 Nd7 25. e6 fxe6 26. d6 e5 27. Qe4 Nf6 28. dxe7 1-0

[Event "Thailand Team op"]
[White "Lauron, Paul John"]
[Black "Buranasing, Wanawee"]
[Site "Bangkok"]
[Round "2.3"]
[Result "1-0"]
[Date "2022.12.03"]
[WhiteElo "1583"]
[BlackElo "1610"]
[PlyCount "89"]
[EventDate "2022.12.03"]
[EventType "team-swiss"]
[EventRounds "9"]
[EventCountry "THA"]
[SourceTitle "CBM 211 Extra"]
[Source "ChessBase"]
[SourceDate "2023.01.31"]
[SourceVersion "1"]
[SourceVersionDate "2023.01.31"]
[SourceQuality "1"]
[WhiteTeam "Big Rook e4"]
[BlackTeam "Big Rook c5"]
[WhiteTeamCountry "THA"]
[BlackTeamCountry "THA"]

1. e4 c5 2. Nf3 Nc6 3. c3 Nf6 4. d3 e5 5. Bg5 Be7 6. Nbd2 d5 7. Be2 Be6 8. 0-0 0-0 9. Re1 Rb8 10. a4 b6 11. h3 a6 12. exd5 Qxd5 13. Bf1 Rfe8 14. Nc4 Nd7 15. Bxe7 Rxe7 16. Ng5 b5 17. axb5 axb5 18. Ne3 Qd6 19. Ra6 h6 20. Qf3 Rc8 21. Ne4 Qc7 22. Rea1 b4 23. g3 Ndb8 24. Ra8 Qb6 25. Nd6 Rd8 26. Ndf5 Bxf5 27. Nxf5 Re6 28. h4 bxc3 29. bxc3 Ne7 30. Nxe7+ Rxe7 31. Qe4 Qe6 32. Rb1 f5 33. Qa4 Nc6 34. Ra6 Rd6 35. d4 Kh7 36. dxc5 Red7 37. cxd6 Rxd6 38. Bb5 Ne7 39. Rxd6 Qxd6 40. Rd1 Qg6 41. Rd7 Ng8 42. Bc4 Nf6 43. Rd6 e4 44. Qa8 f4 45. Bg8+ 1-0

[Event "THA-ch 45th"]
[White "Nakvanich, Sahapol"]
[Black "Buranasing, Wanawee"]
[Site "Ayutthaya"]
[Round "9"]
[Result "0-1"]
[Date "2022.04.12"]
[WhiteElo "1707"]
[BlackElo "1593"]
[PlyCount "88"]
[EventDate "2022.04.08"]
[EventType "swiss"]
[EventRounds "9"]
[EventCountry "THA"]
[SourceTitle "CBM 207 Extra"]
[Source "ChessBase"]
[SourceDate "2022.05.31"]
[SourceVersion "1"]
[SourceVersionDate "2022.05.31"]
[SourceQuality "1"]

1. c4 c6 2. Nc3 d5 3. cxd5 cxd5 4. d4 Nf6 5. Bf4 Nc6 6. e3 a6 7. Bd3 Bg4 8. Qb3 Na5 9. Qc2 Rc8 10. f3 Bh5 11. Nge2 e6 12. 0-0 Bd6 13. Bxd6 Qxd6 14. Nf4 Bg6 15. Nxg6 hxg6 16. g3 0-0 17. Rac1 Rc6 18. Qf2 Rfc8 19. e4 dxe4 20. fxe4 Qd7 21. Rcd1 b5 22. e5 Nd5 23. Ne4 Nb7 24. Ng5 f5 25. g4 Nd8 26. Qh4 Nf7 27. Rf3 Rc1 28. Rxc1 Rxc1+ 29. Kg2 Nb4 30. Qh7+ Kf8 31. Qxg6 Nxg5 32. Qxg5 Nxd3 33. Rxd3 Qd5+ 34. Kh3 Rg1 35. Rg3 Rxg3+ 36. Kxg3 Qxd4 37. Qf4 Qxb2 38. gxf5 Qc3+ 39. Kg2 Qc2+ 40. Kg1 Qxf5 41. Qd4 Qb1+ 42. Kg2 Qxa2+ 43. Kh3 Qb3+ 44. Kg2 Qd5+ 0-1

[Event "THA-ch 45th"]
[White "Buranasing, Wanawee"]
[Black "Jingjang, Shin"]
[Site "Ayutthaya"]
[Round "8"]
[Result "0-1"]
[Date "2022.04.11"]
[WhiteElo "1593"]
[BlackElo "1839"]
[PlyCount "92"]
[EventDate "2022.04.08"]
[EventType "swiss"]
[EventRounds "9"]
[EventCountry "THA"]
[SourceTitle "CBM 207 Extra"]
[Source "ChessBase"]
[SourceDate "2022.05.31"]
[SourceVersion "1"]
[SourceVersionDate "2022.05.31"]
[SourceQuality "1"]

1. d4 d5 2. c4 c6 3. Nf3 Nf6 4. g3 a6 5. Bg2 Bf5 6. Nc3 e6 7. Qb3 b5 8. cxb5 cxb5 9. 0-0 Nbd7 10. Bf4 Be7 11. Rac1 0-0 12. Nh4 Be4 13. Nxe4 Nxe4 14. Bc7 Qc8 15. Bd6 Qd8 16. Bc7 Qc8 17. Bd6 Qe8 18. Bxe7 Qxe7 19. Bxe4 dxe4 20. Rc7 Qd6 21. Qc3 Nb6 22. Qc5 Qxc5 23. Rxc5 Rfc8 24. Rfc1 Rxc5 25. dxc5 Nd5 26. Ng2 Kf8 27. Nf4 Ke7 28. Rd1 Nxf4 29. gxf4 a5 30. Rd4 Rc8 31. Rxe4 Rxc5 32. b4 Rc4 33. f3 Rxe4 34. fxe4 axb4 35. Kf2 Kd6 36. Ke3 Kc5 37. Kd3 f6 38. h4 g6 39. e3 f5 40. exf5 exf5 41. Kd2 Kc4 42. Kc2 h6 43. Kd2 b3 44. axb3+ Kxb3 45. Kd3 Ka3 46. Kc2 h5 0-1

[Event "THA-ch 45th"]
[White "Suppt Hongs, Paisal"]
[Black "Buranasing, Wanawee"]
[Site "Ayutthaya"]
[Round "7"]
[Result "0-1"]
[Date "2022.04.11"]
[WhiteElo "1686"]
[BlackElo "1593"]
[PlyCount "64"]
[EventDate "2022.04.08"]
[EventType "swiss"]
[EventRounds "9"]
[EventCountry "THA"]
[SourceTitle "CBM 207 Extra"]
[Source "ChessBase"]
[SourceDate "2022.05.31"]
[SourceVersion "1"]
[SourceVersionDate "2022.05.31"]
[SourceQuality "1"]

1. e4 c5 2. b4 cxb4 3. a3 Nc6 4. axb4 Nxb4 5. c3 Nc6 6. d4 d5 7. e5 Bf5 8. g4 Be4 9. f3 Bg6 10. h4 h5 11. g5 e6 12. Ne2 Nge7 13. Na3 a6 14. Nc2 Rc8 15. Nf4 Bxc2 16. Qxc2 Nxd4 17. Qa4+ Ndc6 18. g6 Nf5 19. gxf7+ Kxf7 20. Nd3 Be7 21. Rg1 Bxh4+ 22. Kd1 Qb6 23. Rg2 Nce7 24. Ra3 Rc4 25. Rb3 Qc7 26. Qa1 Rc8 27. Rgb2 Rxc3 28. Rxb7 Qc4 29. Rxe7+ Bxe7 30. Bd2 Rxd3 31. Bxd3 Qxd3 32. Qb1 Ne3+ 0-1

[Event "Bangkok Asian Games qual"]
[White "Buranasing, Wanawee"]
[Black "Arunnuntapanich, Tinnakrit"]
[Site "Bangkok"]
[Round "2"]
[Result "0-1"]
[Date "2022.01.05"]
[WhiteElo "1599"]
[BlackElo "2130"]
[PlyCount "100"]
[EventDate "2022.01.04"]
[EventType "tourn"]
[EventRounds "9"]
[EventCountry "THA"]
[SourceTitle "EXT 2023"]
[Source "ChessBase"]
[SourceDate "2022.10.05"]
[SourceVersion "1"]
[SourceVersionDate "2022.10.05"]
[SourceQuality "1"]

1. d4 g6 2. c4 Bg7 3. Nc3 d6 4. g3 e5 5. dxe5 Bxe5 6. Nf3 Bg7 7. Bg2 Nf6 8. 0-0 0-0 9. Qc2 Re8 10. e4 Be6 11. Nd5 c6 12. Nxf6+ Qxf6 13. Rb1 Bg4 14. Bg5 Qe6 15. Rfe1 c5 16. Qb3 Nc6 17. Qxb7 Nb4 18. a3 Nd3 19. Re3 Rab8 20. Qd5 Nxb2 21. Bf1 Qxd5 22. cxd5 f5 23. Nd2 Bd4 24. Ree1 fxe4 25. Nxe4 Rxe4 26. Rxe4 Bf5 27. Rbe1 Bxe4 28. Rxe4 Nd1 29. Bh3 Rf8 30. Be6+ Kg7 31. Rf4 Rxf4 32. Bxf4 Nxf2 33. Kf1 Ne4 34. Ke2 g5 35. Bd2 Kf6 36. Be1 Ke5 37. Kd3 h5 38. h4 g4 39. Bf7 Nf6 40. Kc4 Ke4 41. Bd2 Be5 42. Bg5 Kf5 43. Bxf6 Kxf6 44. Bxh5 Kf5 45. Bf7 Bxg3 46. Be6+ Kf4 47. h5 Bh4 48. Kd3 g3 49. Bh3 Kf3 50. h6 Bf6 0-1

[Event "Bangkok Thailand op"]
[White "Buranasing, Wanawee"]
[Black "Teerapabpaisit, Wisuwat"]
[Site "Bangkok"]
[Round "5"]
[Result "0-1"]
[Date "2021.12.17"]
[WhiteElo "1571"]
[BlackElo "2118"]
[PlyCount "71"]
[EventDate "2021.12.15"]
[EventType "swiss"]
[EventRounds "9"]
[EventCountry "THA"]
[SourceTitle "CBM 206 Extra"]
[Source "ChessBase"]
[SourceDate "2022.03.31"]
[SourceVersion "1"]
[SourceVersionDate "2022.03.31"]
[SourceQuality "1"]

1. Nf3 Nf6 2. d4 g6 3. c4 Bg7 4. Nc3 d6 5. e4 0-0 6. Be2 e5 7. d5 Ne8 8. Bg5 f6 9. Be3 f5 10. g3 Na6 11. Qd2 Nc5 12. exf5 Bxf5 13. h4 Qd7 14. Ng5 Nf6 15. f3 h5 16. Bxc5 dxc5 17. Nce4 Bxe4 18. fxe4 Bh6 19. Qd3 Bxg5 20. hxg5 Nh7 21. Qe3 Qe7 22. g4 h4 23. Rxh4 Nxg5 24. 0-0-0 Rf4 25. Rdh1 Raf8 26. Rh6 Kg7 27. Qg3 Rg8 28. Qh4 Kf7 29. Bd3 Qf6 30. b3 Rf3 31. Kc2 Rf2+ 32. Kb1 Qf4 33. Bc2 Qd2 34. Rc1 Kg7 35. Qh1 Rgf8 36. Rxg6+ 0-1

[Event "THA-chT Rapid"]
[White "Ngamdeethae, Wimok"]
[Black "Buranasing, Wanawee"]
[Site "Bangkok"]
[Round "4.4"]
[Result "0-1"]
[Date "2021.12.14"]
[WhiteElo "1114"]
[BlackElo "1339"]
[PlyCount "50"]
[EventDate "2021.12.13"]
[EventType "team-swiss (rapid)"]
[EventRounds "9"]
[EventCountry "THA"]
[SourceTitle "CBM 205 Extra"]
[Source "ChessBase"]
[SourceDate "2022.01.31"]
[SourceVersion "1"]
[SourceVersionDate "2022.01.31"]
[SourceQuality "1"]
[WhiteTeam "Chiang Mai"]
[BlackTeam "Happy Pawn"]
[WhiteTeamCountry "THA"]
[BlackTeamCountry "THA"]

1. d4 Nf6 2. c4 c5 3. d5 b5 4. b3 b4 5. e4 Nxe4 6. Bd3 Nf6 7. Nf3 d6 8. 0-0 g6 9. Bb2 Bg7 10. Nbd2 0-0 11. a3 a5 12. Qc2 bxa3 13. Rxa3 Na6 14. Ne4 Nb4 15. Nxf6+ Bxf6 16. Qd2 Bxb2 17. Qxb2 Nxd3 18. Qd2 Ne5 19. Nxe5 dxe5 20. Rfa1 Qb6 21. h3 h5 22. Qc3 f6 23. Rxa5 Rxa5 24. Rxa5 Bd7 25. Ra3 Rb8 0-1

[Event "Nonthaburi SEA Games Qual"]
[White "Maneesorn, Kankawee"]
[Black "Buranasing, Wanawee"]
[Site "Nonthaburi"]
[Round "6.5"]
[Result "1-0"]
[Date "2021.03.06"]
[WhiteElo "1881"]
[BlackElo "1531"]
[PlyCount "55"]
[EventDate "2021.03.04"]
[EventType "swiss"]
[EventRounds "9"]
[EventCountry "THA"]
[SourceTitle "EXT 2022"]
[Source "ChessBase"]
[SourceDate "2021.10.06"]
[SourceVersion "1"]
[SourceVersionDate "2021.10.06"]
[SourceQuality "1"]

1. d4 Nf6 2. c4 c6 3. Nc3 d5 4. Nf3 Bf5 5. Qb3 Qb6 6. c5 Qxb3 7. axb3 Na6 8. Bf4 Nb4 9. Ra4 a5 10. Bc7 Ne4 11. e3 f6 12. Bxa5 Nc2+ 13. Ke2 e5 14. Nxe4 Bxe4 15. Bc3 Rxa4 16. bxa4 exd4 17. exd4 g5 18. Nd2 Bg6 19. Kd1 Kd7 20. Nb3 h5 21. Nc1 Na1 22. Bd3 Bxd3 23. Nxd3 Bh6 24. b4 Ra8 25. a5 Nb3 26. Kc2 Nxa5 27. bxa5 Re8 28. Re1 1-0

[Event "Nonthaburi SEA Games Qual"]
[White "Saeheng, Boonsueb"]
[Black "Buranasing, Wanawee"]
[Site "Nonthaburi"]
[Round "1.4"]
[Result "1-0"]
[Date "2021.03.04"]
[WhiteElo "2058"]
[BlackElo "1531"]
[PlyCount "69"]
[EventDate "2021.03.04"]
[EventType "swiss"]
[EventRounds "9"]
[EventCountry "THA"]
[SourceTitle "EXT 2022"]
[Source "ChessBase"]
[SourceDate "2021.10.06"]
[SourceVersion "1"]
[SourceVersionDate "2021.10.06"]
[SourceQuality "1"]

1. d4 Nf6 2. c4 c6 3. Nc3 d5 4. Nf3 g6 5. cxd5 cxd5 6. Bf4 a6 7. e3 Bg7 8. Bd3 0-0 9. 0-0 Nc6 10. h3 Bf5 11. Bxf5 gxf5 12. Rc1 Ne4 13. Na4 e6 14. Nc5 Qe7 15. Bh2 Rac8 16. Qa4 a5 17. Qb5 Nxc5 18. Rxc5 f6 19. Rfc1 Rf7 20. a3 Qd8 21. R5c3 Bf8 22. Ne1 Bd6 23. Nd3 Bxh2+ 24. Kxh2 Qd6+ 25. Nf4 Kh8 26. g3 Rg8 27. Rc5 Qe7 28. Qb6 Rfg7 29. b4 axb4 30. axb4 Qf7 31. b5 Nd8 32. Rc8 e5 33. R1c7 Qf8 34. Rxg7 Kxg7 35. Rxd8 1-0

[Event "THA-ch"]
[White "Bodemar, Jonathan"]
[Black "Buranasing, Wanawee"]
[Site "Bangkok"]
[Round "9"]
[Result "1-0"]
[Date "2020.02.10"]
[WhiteElo "1685"]
[BlackElo "1337"]
[PlyCount "93"]
[EventDate "2020.02.06"]
[EventType "swiss"]
[EventRounds "9"]
[EventCountry "THA"]
[SourceTitle "CBM 195 Extra"]
[Source "ChessBase"]
[SourceDate "2020.05.31"]
[SourceVersion "1"]
[SourceVersionDate "2020.05.31"]
[SourceQuality "1"]

1. e4 c5 2. Nc3 d6 3. g3 Nc6 4. Bg2 g6 5. d3 Bg7 6. Be3 e5 7. Nge2 Nge7 8. Qd2 Be6 9. 0-0 Qd7 10. a3 h5 11. h4 0-0 12. f4 b6 13. Rf2 Rac8 14. fxe5 dxe5 15. Bh6 Nd4 16. Bxg7 Kxg7 17. Raf1 f6 18. Nc1 c4 19. Qe3 cxd3 20. Nxd3 a5 21. Kh2 b5 22. Bf3 Rc4 23. Bd1 Qc7 24. Qd2 Rc6 25. Nb1 Ba2 26. Nc3 Bc4 27. Qe3 Rb8 28. Ne2 Bxd3 29. cxd3 Nxe2 30. Rxe2 Rd6 31. Bb3 a4 32. Bd1 Qd7 33. Bc2 Nc6 34. Ref2 Nd4 35. Bb1 b4 36. axb4 Rxb4 37. Qc1 Rc6 38. Qd1 Qb7 39. Ba2 Rcb6 40. Bd5 Qb8 41. Kg1 Rxb2 42. Qxa4 Qc7 43. Qe8 Rb8 44. Qa4 R2b4 45. Qa3 Nc2 46. Qc1 Qc5 47. Qxc2 1-0